000 00432nam a2200181Ia 4500
001 23953
005 20260414151011.0
008 260414t1957||||xx |||||||||||||| ||spa||
041 _aESP
082 _a724.9
_bG82
100 _aGropius, Walter,
_eAUT
245 0 _aAlcances de la arquitectura integral
_b
260 _c1957
300 _a197 páginas :
_c20 cm.
650 _aABD
654 _aCAU
942 _cLIB
_dJUS
_fJUS
_2ddc
_n
999 _c23953
_d23953